[Event "Mercredi 2023.11.22 ABCD"]
[Site "Montreal CAN"]
[Date "2023.12.13"]
[Round "4"]
[White "Cote, Etienne"]
[Black "Morin-Pare, Victor"]
[Result "0-1"]
[WhiteElo "1819"]
[BlackElo "1868"]
[PlyCount "48"]
[EventDate "2023.11.22"]
[EventType "tourn"]
[EventRounds "5"]
[EventCountry "CAN"]

1. e4 c6 2. Nc3 d5 3. Nf3 dxe4 4. Nxe4 Nf6 5. Qe2 Nxe4 6. Qxe4 Nd7 7. Bc4 e6 8.
Qe2 Bd6 9. d4 h6 10. Ne5 Nxe5 11. dxe5 Qa5+ 12. Bd2 Qxe5 13. Be3 Bb4+ 14. Kf1
O-O 15. Qg4 Bc5 16. Bxc5 Qxc5 17. Bb3 b6 18. h4 Rd8 19. Rd1 Ba6+ 20. Kg1 Qe5
21. c4 Qxb2 22. Qe4 Rxd1+ 23. Bxd1 Qc1 24. Kh2 Qxc4 0-1

[Event "Mercredi 2023.11.22 ABCD"]
[Site "Montreal CAN"]
[Date "2023.12.13"]
[Round "4"]
[White "Deboosere, Adam"]
[Black "Kozlov, Guennadi"]
[Result "0-1"]
[WhiteElo "1934"]
[BlackElo "1880"]
[PlyCount "117"]
[EventDate "2023.11.22"]
[EventType "tourn"]
[EventRounds "5"]
[EventCountry "CAN"]

1. Nf3 e6 2. d4 d5 3. c4 c6 4. e3 Nf6 5. Nbd2 Bd6 6. Bd3 O-O 7. O-O b6 8. e4
dxe4 9. Nxe4 Nxe4 10. Bxe4 f5 11. Bc2 Nd7 12. Re1 Nf6 13. Ng5 Re8 14. c5 Bc7
15. Bb3 bxc5 16. Bxe6+ Bxe6 17. Nxe6 Bxh2+ 18. Kh1 Qd6 19. Nxc5 Ng4 20. Rf1 Bf4
21. Bxf4 Qxf4 22. Qb3+ Kh8 23. Qg3 Qxd4 24. b4 Qxb4 25. Nd3 Qd4 26. Nf4 Qe5 27.
Rac1 Rac8 28. Qf3 g5 29. Rxc6 Qxf4 30. Qxf4 gxf4 31. Ra6 Rc7 32. Ra4 Re4 33.
Ra5 Rf7 34. Kg1 Rc4 35. Ra3 Kg7 36. g3 Kg6 37. Kg2 Rfc7 38. Ra6+ Kg5 39. Ra3
Rc3 40. gxf4+ Kxf4 41. Ra4+ R3c4 42. Ra3 h5 43. Rh1 Kg5 44. Rah3 Nf6 45. Ra3
Rg4+ 46. Kf3 Ne4 47. Ra6 Rf4+ 48. Ke3 Rc3+ 49. Kd4 Nxf2+ 50. Kxc3 Nxh1 51. Rxa7
Nf2 52. a4 h4 53. Rg7+ Kf6 54. Rg2 h3 55. Rh2 Rf3+ 56. Kd2 Ng4 57. Rh1 Ra3 58.
Ke2 h2 59. Ra1 0-1

[Event "Mercredi 2023.11.22 ABCD"]
[Site "Montreal CAN"]
[Date "2023.12.13"]
[Round "4"]
[White "Di Matteo, Alessio"]
[Black "Pomerantz, Daniel"]
[Result "0-1"]
[WhiteElo "2114"]
[BlackElo "2116"]
[PlyCount "82"]
[EventDate "2023.11.22"]
[EventType "tourn"]
[EventRounds "5"]
[EventCountry "CAN"]

1. d4 Nf6 2. c4 e6 3. Nc3 Bb4 4. f3 c5 5. d5 O-O 6. e4 b5 7. Bd2 bxc4 8. Bxc4
Ba6 9. Bxa6 Nxa6 10. Nge2 exd5 11. exd5 Nc7 12. Nf4 Re8+ 13. Kf2 d6 14. Qb3 Rb8
15. Qc4 Ba5 16. Nd3 Nfxd5 17. Rad1 Nxc3 18. bxc3 d5 19. Qg4 c4 20. Nb4 Bb6+ 21.
Kf1 Qe7 22. Re1 Qc5 23. Qg3 Rxe1+ 24. Qxe1 Re8 25. Qg3 Qe7 26. Qe1 Qf6 27. Qc1
d4 28. Nc2 d3 29. Ne3 Qe5 30. Kf2 Nd5 31. Re1 Nxe3 32. Bxe3 Bxe3+ 33. Rxe3
Qxe3+ 34. Qxe3 Rxe3 35. Kxe3 Kf8 36. g4 Ke7 37. h4 g6 38. f4 Ke6 39. Kf3 f5 40.
g5 Kd5 41. Ke3 d2 0-1

[Event "Mercredi 2023.11.22 ABCD"]
[Site "Montreal CAN"]
[Date "2023.12.13"]
[Round "4"]
[White "Gadbois, Patrick"]
[Black "Templonueva, Mark Geryl"]
[Result "1/2-1/2"]
[WhiteElo "1907"]
[BlackElo "1897"]
[PlyCount "149"]
[EventDate "2023.11.22"]
[EventType "tourn"]
[EventRounds "5"]
[EventCountry "CAN"]

1. d4 d5 2. Nf3 Nf6 3. e3 Bg4 4. Nbd2 c6 5. c4 e6 6. Qc2 Bb4 7. Be2 Nbd7 8. O-O
Bd6 9. Bd3 O-O 10. h3 Bh5 11. b3 e5 12. dxe5 Nxe5 13. Nxe5 Bxe5 14. Rb1 Qe7 15.
Bb2 Rfe8 16. Bxe5 Qxe5 17. Qb2 Qg5 18. Rfe1 Rad8 19. f4 Qh4 20. Nf1 dxc4 21.
Bxc4 Ne4 22. Be2 Bxe2 23. Rxe2 Rd3 24. Rc1 Red8 25. Qe5 Ng3 26. Nxg3 Qxg3 27.
Rce1 h6 28. Qe4 Rd1 29. Kf1 Rxe1+ 30. Rxe1 Rd2 31. Qe8+ Kh7 32. Qe4+ g6 33. Qf3
Qh2 34. Re2 Rd1+ 35. Kf2 h5 36. f5 Qg1+ 37. Kg3 Rf1 38. fxg6+ fxg6 39. Qe4 Rf7
40. Qe6 Qf1 41. Qc4 Qf6 42. Qd4 Qg5+ 43. Kh2 c5 44. Qc4 Rf1 45. Rd2 Qe5+ 46. g3
Rf3 47. Rg2 Qxe3 48. Qd5 h4 49. Qxb7+ Kh6 50. Qb8 Qc3 51. Qc7 a5 52. Qd6 Rf6
53. Qb8 Rf1 54. gxh4 Qa1 55. Qd6 Rh1+ 56. Kg3 Qc3+ 57. Kf2 Qe1+ 58. Kf3 Rxh3+
59. Rg3 Qf1+ 60. Ke4 Rxh4+ 61. Ke3 Qf5 62. Qd3 Qf4+ 63. Ke2 Rh2+ 64. Kd1 Rh1+
65. Ke2 Qf1+ 66. Ke3 Qc1+ 67. Kf3 Rf1+ 68. Kg2 Rg1+ 69. Kf3 Rxg3+ 70. Kxg3 Qg5+
71. Kh2 Qf4+ 72. Kg2 g5 73. Qa6+ Kh5 74. Qxa5 Qb4 75. Qa7 1/2-1/2

[Event "Mercredi 2023.11.22 ABCD"]
[Site "Montreal CAN"]
[Date "2023.12.13"]
[Round "4"]
[White "Latorre, Vincent"]
[Black "Genzling, Jerome"]
[Result "1-0"]
[WhiteElo "2235"]
[BlackElo "2124"]
[PlyCount "81"]
[EventDate "2023.11.22"]
[EventType "tourn"]
[EventRounds "5"]
[EventCountry "CAN"]

1. Nf3 d5 2. g3 Nf6 3. Bg2 Bf5 4. O-O c6 5. d3 h6 6. Nbd2 Nbd7 7. Qe1 e6 8. b3
Bb4 9. Bb2 Qe7 10. a3 Ba5 11. b4 Bc7 12. e4 Bh7 13. e5 Ng8 14. Qe2 Qd8 15. Nd4
Ne7 16. f4 Bb6 17. Kh1 Bxd4 18. Bxd4 Nf5 19. Bf2 O-O 20. Nf3 h5 21. Ng5 Bg6 22.
Bf3 Kh8 23. Bxh5 Nxe5 24. Bxg6 Nxg6 25. Qh5+ Nh6 26. Bd4 Kg8 27. Nxe6 fxe6 28.
Qxg6 Qd7 29. Rae1 Nf5 30. Bb2 Rae8 31. g4 Nd6 32. Be5 Re7 33. h4 Qe8 34. h5 Rd7
35. Kg2 Nc8 36. Bd4 Re7 37. Re5 Rf6 38. Qxe8+ Rxe8 39. Rg5 Rf7 40. h6 Kh7 41.
hxg7 1-0

[Event "Mercredi 2023.11.22 ABCD"]
[Site "Montreal CAN"]
[Date "2023.12.13"]
[Round "4"]
[White "Li, Yi Lin"]
[Black "Singher, Jean-Pierre"]
[Result "1-0"]
[WhiteElo "2064"]
[BlackElo "1956"]
[PlyCount "101"]
[EventDate "2023.11.22"]
[EventType "tourn"]
[EventRounds "5"]
[EventCountry "CAN"]

1. e4 c5 2. Nf3 Nc6 3. d4 cxd4 4. Nxd4 e5 5. Nb5 d6 6. N1c3 a6 7. Na3 Be7 8.
Nd5 Nf6 9. Nxf6+ Bxf6 10. Nc4 O-O 11. Nxd6 Qc7 12. Nxc8 Raxc8 13. c3 Rfd8 14.
Qf3 Qa5 15. Bd3 Nd4 16. Qd1 Ne6 17. O-O Bg5 18. Bxg5 Nxg5 19. Qg4 Ne6 20. Rfd1
Nf4 21. Bc2 h5 22. Qf5 g6 23. Qf6 Rxd1+ 24. Rxd1 Qxa2 25. Qb6 Qe6 26. Qxb7 Qg4
27. g3 Ne2+ 28. Kf1 Nd4 29. Bb3 Nxb3 30. Qxb3 Qxe4 31. Qd5 Qxd5 32. Rxd5 Rb8
33. Rd2 Kg7 34. Ke2 Rb6 35. b4 Kf6 36. Kd3 Ke6 37. Kc4 Rc6+ 38. Kb3 g5 39. c4
f5 40. Rd8 e4 41. c5 f4 42. Kc4 Rc7 43. Rd6+ Kf5 44. Rxa6 Rd7 45. Rd6 Rxd6 46.
cxd6 Ke6 47. gxf4 gxf4 48. Kd4 e3 49. fxe3 f3 50. Kd3 Kxd6 51. e4 1-0

[Event "Mercredi 2023.11.22 ABCD"]
[Site "Montreal CAN"]
[Date "2023.12.13"]
[Round "4"]
[White "Lima-Barbosa, Raphael"]
[Black "Guillemette, Hugo"]
[Result "0-1"]
[WhiteElo "2052"]
[BlackElo "2096"]
[PlyCount "96"]
[EventDate "2023.11.22"]
[EventType "tourn"]
[EventRounds "5"]
[EventCountry "CAN"]

1. c4 e6 2. Nc3 c5 3. Nf3 Nf6 4. e4 Nc6 5. e5 Ng4 6. d4 cxd4 7. Nxd4 Ngxe5 8.
Ndb5 Be7 9. Nd6+ Bxd6 10. Qxd6 Qe7 11. Qxe7+ Kxe7 12. Bf4 d6 13. O-O-O Rd8 14.
a3 b6 15. b4 Bb7 16. Be2 Rac8 17. Kb2 Ng6 18. Be3 Nce5 19. Nb5 Nxc4+ 20. Bxc4
Rxc4 21. Nxa7 Bxg2 22. Rhg1 Be4 23. Rc1 Ne5 24. Kb3 Bd5 25. Ka4 Ra8 26. Bxb6
Rxc1 27. Rxc1 Nc4 28. Kb5 Nxa3+ 29. Ka6 Nc4 30. Kb5 Nxb6 31. Kxb6 Rb8+ 32. Ka5
Kd7 33. b5 f5 34. b6 Rb7 35. f4 g5 36. fxg5 f4 37. Nb5 f3 38. h4 Be4 39. Ka6
Ke7 40. Rd1 Rd7 41. h5 Bb7+ 42. Ka5 e5 43. h6 Ke6 44. Rxd6+ Rxd6 45. Nxd6 f2
46. Nxb7 f1=Q 47. Nc5+ Kd5 48. Na4 Kc6 0-1

[Event "Mercredi 2023.11.22 ABCD"]
[Site "Montreal CAN"]
[Date "2023.12.20"]
[Round "5"]
[White "Cardin, Guillaume"]
[Black "Li, Yi Lin"]
[Result "0-1"]
[WhiteElo "2064"]
[BlackElo "2064"]
[PlyCount "44"]
[EventDate "2023.11.22"]
[EventType "tourn"]
[EventRounds "5"]
[EventCountry "CAN"]

1. d4 Nf6 2. c4 e6 3. Nf3 d5 4. Nc3 Nbd7 5. Bf4 c6 6. e3 Be7 7. Bd3 dxc4 8.
Bxc4 Nd5 9. Bg3 Qa5 10. O-O Nxc3 11. bxc3 Qxc3 12. Rc1 Qa5 13. Ne5 Nf6 14. f4
O-O 15. f5 exf5 16. Bh4 Qa3 17. Rf3 Ne4 18. Bxe7 Qxe7 19. Qc2 Be6 20. Bd3 Nd6
21. Rcf1 f6 22. Rxf5 Nxf5 0-1

[Event "Mercredi 2023.11.22 ABCD"]
[Site "Montreal CAN"]
[Date "2023.12.20"]
[Round "5"]
[White "Destree, Frederic"]
[Black "Beaulieu, Pierre"]
[Result "0-1"]
[WhiteElo "1791"]
[BlackElo "1814"]
[PlyCount "34"]
[EventDate "2023.11.22"]
[EventType "tourn"]
[EventRounds "5"]
[EventCountry "CAN"]

1. Nf3 Nf6 2. g3 b6 3. Bg2 Bb7 4. O-O e6 5. c4 Be7 6. d4 d6 7. Nc3 Nbd7 8. b3
Ne4 9. Qc2 Nxc3 10. Qxc3 h5 11. h4 Bf6 12. Bg5 c5 13. e3 Rc8 14. Bxf6 Qxf6 15.
Ne5 Bxg2 16. Nxd7 Qf3 17. dxc5 Bh3 0-1

[Event "Mercredi 2023.11.22 ABCD"]
[Site "Montreal CAN"]
[Date "2023.12.20"]
[Round "5"]
[White "Genzling, Jerome"]
[Black "Batorshyn, Ilia	"]
[Result "1-0"]
[WhiteElo "2124"]
[BlackElo "2226"]
[PlyCount "127"]
[EventDate "2023.11.22"]
[EventType "tourn"]
[EventRounds "5"]
[EventCountry "CAN"]

1. e4 c5 2. Nf3 d6 3. Nc3 Nf6 4. d4 cxd4 5. Nxd4 a6 6. g3 e5 7. Nb3 Be7 8. Bg2
O-O 9. a4 Be6 10. O-O Nc6 11. Nd5 Bxd5 12. exd5 Na5 13. Nxa5 Qxa5 14. c3 Rac8
15. Be3 Bd8 16. Kh1 b5 17. Qb3 Ng4 18. axb5 Qxb5 19. Qxb5 axb5 20. Ba7 f5 21.
Bh3 g6 22. Bxg4 fxg4 23. Ra6 Ra8 24. Rfa1 Be7 25. Kg2 Rfc8 26. Be3 Rxa6 27.
Rxa6 Rb8 28. Kf1 Rb7 29. Ke2 Kf7 30. Kd3 Ke8 31. Ra8+ Kf7 32. b4 Bf6 33. Kc2
Ke7 34. Kb3 Kd7 35. Rf8 Ke7 36. Rc8 Kd7 37. Rc6 Bd8 38. c4 Bc7 39. cxb5 Rxb5
40. Kc4 Rb7 41. b5 Rb8 42. Ba7 Rc8 43. b6 Bxb6 44. Bxb6 Rxc6+ 45. dxc6+ Kxc6
46. Ba7 d5+ 47. Kb4 Kb7 48. Bc5 Kc6 49. Bf8 h5 50. Bg7 Kd6 51. Kb5 Ke6 52. Kc5
g5 53. Bh8 h4 54. Bg7 d4 55. Kc4 Kd6 56. Bf8+ Ke6 57. Bb4 Kf6 58. Kd3 Kf5 59.
Bd2 Kg6 60. Ke4 Kf6 61. Bc1 hxg3 62. hxg3 Ke6 63. Bxg5 Kd6 64. Bf6 1-0

[Event "Mercredi 2023.11.22 ABCD"]
[Site "Montreal CAN"]
[Date "2023.12.20"]
[Round "5"]
[White "Giard, Antoine"]
[Black "Pelletier, Arnaud"]
[Result "1-0"]
[WhiteElo "1813"]
[BlackElo "1730"]
[PlyCount "43"]
[EventDate "2023.11.22"]
[EventType "tourn"]
[EventRounds "5"]
[EventCountry "CAN"]

1. e4 c6 2. d4 d5 3. e5 Bf5 4. Nc3 e6 5. g4 Bg6 6. Nge2 c5 7. h4 h5 8. Nf4 Bh7
9. g5 cxd4 10. g6 dxc3 11. gxf7+ Kxf7 12. Qxh5+ g6 13. Qf3 cxb2 14. Nxg6+ Kg7
15. Nxf8 bxc1=Q+ 16. Rxc1 Qxf8 17. Rg1+ Bg6 18. Rxg6+ Kxg6 19. Qxf8 Rxh4 20.
Qxg8+ Kf5 21. Bd3+ Kxe5 22. Qg5+ 1-0

[Event "Mercredi 2023.11.22 ABCD"]
[Site "Montreal CAN"]
[Date "2023.12.20"]
[Round "5"]
[White "Guillemette, Hugo"]
[Black "Chapdelaine, Gwyn"]
[Result "1-0"]
[WhiteElo "2096"]
[BlackElo "2061"]
[PlyCount "83"]
[EventDate "2023.11.22"]
[EventType "tourn"]
[EventRounds "5"]
[EventCountry "CAN"]

1. e4 d5 2. exd5 Qxd5 3. Nc3 Qa5 4. d4 Nf6 5. Bd2 Bg4 6. Be2 Bxe2 7. Ncxe2 Qb6
8. Nf3 e6 9. O-O Be7 10. c4 c6 11. Nc3 O-O 12. Qc2 Nbd7 13. Rfe1 Rfe8 14. Rad1
Qc7 15. Bg5 Rad8 16. Bh4 Nf8 17. Bg3 Qc8 18. Ne5 Ng6 19. Qa4 a6 20. Qb3 Nxe5
21. dxe5 Nd7 22. Qc2 c5 23. Ne4 Nb8 24. Nd6 Bxd6 25. exd6 Nc6 26. Qe4 Nd4 27.
b4 b6 28. bxc5 bxc5 29. Be5 Nc6 30. Bc3 Qd7 31. Qe3 Qa7 32. Qg5 Nd4 33. Bxd4
cxd4 34. Qe5 Rd7 35. c5 Rc8 36. Rc1 Rc6 37. Qxd4 Rdxd6 38. Qxd6 Rxd6 39. cxd6
Qd7 40. Rc7 Qd8 41. Rec1 Qxd6 42. Rc8+ 1-0

[Event "Mercredi 2023.11.22 ABCD"]
[Site "Montreal CAN"]
[Date "2023.12.20"]
[Round "5"]
[White "Kozlov, Guennadi"]
[Black "Gadbois, Patrick"]
[Result "1/2-1/2"]
[WhiteElo "1880"]
[BlackElo "1907"]
[PlyCount "91"]
[EventDate "2023.11.22"]
[EventType "tourn"]
[EventRounds "5"]
[EventCountry "CAN"]

1. e4 e6 2. d4 d5 3. Nd2 dxe4 4. Nxe4 Nf6 5. Ng3 c5 6. Nf3 Nc6 7. Be3 Qb6 8.
Rb1 cxd4 9. Nxd4 Qa5+ 10. c3 Qxa2 11. Nxc6 bxc6 12. Bd3 Be7 13. O-O O-O 14. Qc2
Qa5 15. Ra1 Qc7 16. b4 h6 17. Be2 Nd5 18. Bd2 c5 19. b5 Bb7 20. Bf3 Bd6 21. Qe4
c4 22. Qg4 Nf6 23. Qh4 Bxf3 24. gxf3 Qb7 25. Ne4 Nxe4 26. fxe4 Qxb5 27. Kh1 Kh7
28. Rg1 Qe5 29. Rg2 Qf6 30. Qg4 Rg8 31. Rag1 g5 32. Qh3 Bf4 33. Qf3 Rad8 34.
Be3 a6 35. Qh5 Bxe3 36. fxe3 Rg6 37. Qe2 Qxc3 38. Rf2 Rd7 39. Rgf1 Qg7 40. Qxc4
a5 41. Qb5 Re7 42. Qxa5 g4 43. Qd8 f6 44. Rg2 Rf7 45. Qd6 Re7 46. Qf4 1/2-1/2

[Event "Mercredi 2023.11.22 ABCD"]
[Site "Montreal CAN"]
[Date "2023.12.20"]
[Round "5"]
[White "Morin-Pare, Victor"]
[Black "Deboosere, Adam"]
[Result "0-1"]
[WhiteElo "1868"]
[BlackElo "1934"]
[PlyCount "63"]
[EventDate "2023.11.22"]
[EventType "tourn"]
[EventRounds "5"]
[EventCountry "CAN"]

1. d4 Nf6 2. Bf4 d5 3. Nc3 e6 4. e3 Bb4 5. Bd3 c5 6. dxc5 Nbd7 7. Nf3 Nxc5 8.
O-O O-O 9. Nb5 Nxd3 10. cxd3 Bd7 11. Nbd4 Nh5 12. Bg5 f6 13. Bh4 g6 14. Ne5 Bc8
15. Rc1 Bd6 16. f4 Ng7 17. Nef3 Bd7 18. Qb3 Qb6 19. Rc2 Qxb3 20. Nxb3 e5 21.
fxe5 fxe5 22. e4 Bb5 23. Rd1 Ne6 24. Bg3 Nf4 25. Bxf4 Rxf4 26. exd5 Ra4 27. a3
Rf8 28. d4 e4 29. Ne5 e3 30. Re1 e2 31. Nf3 g5 32. g4 0-1

[Event "Mercredi 2023.11.22 ABCD"]
[Site "Montreal CAN"]
[Date "2023.12.20"]
[Round "5"]
[White "Pelletier, Arnaud"]
[Black "Nardone, Raul"]
[Result "1/2-1/2"]
[WhiteElo "1730"]
[BlackElo "1755"]
[PlyCount "88"]
[EventDate "2023.11.22"]
[EventType "tourn"]
[EventRounds "5"]
[EventCountry "CAN"]

1. Nf3 c5 2. c4 Nc6 3. Nc3 e5 4. g3 g6 5. Bg2 Bg7 6. O-O d6 7. a3 a5 8. e3 Be6
9. d3 h6 10. h3 Nge7 11. Rb1 O-O 12. Bd2 d5 13. Na4 b6 14. Qc2 Rb8 15. Rfd1 Qc8
16. Kh2 Rd8 17. b3 Rd7 18. Nc3 Qd8 19. Ng1 d4 20. Nb5 dxe3 21. Bxe3 Bf5 22. Be4
Nd4 23. Bxd4 exd4 24. Bg2 Be6 25. b4 Nf5 26. Ne2 g5 27. Ng1 Nd6 28. bxc5 bxc5
29. Nf3 g4 30. hxg4 Bxg4 31. a4 Nf5 32. Re1 Bxf3 33. Bxf3 Qf6 34. Bg2 h5 35.
Qd2 h4 36. g4 Bh6 37. Qe2 Bf4+ 38. Kh3 Re7 39. Qf3 Rxe1 40. Rxe1 Ng3 41. fxg3
hxg3 42. g5 Qf5+ 43. Qg4 Qh7+ 44. Qh4 Qf5+ 1/2-1/2

[Event "Mercredi 2023.11.22 ABCD"]
[Site "Montreal CAN"]
[Date "2023.12.20"]
[Round "5"]
[White "Pomerantz, Daniel"]
[Black "Latorre, Vincent"]
[Result "1-0"]
[WhiteElo "2116"]
[BlackElo "2235"]
[PlyCount "61"]
[EventDate "2023.11.22"]
[EventType "tourn"]
[EventRounds "5"]
[EventCountry "CAN"]

1. e4 g6 2. d4 Bg7 3. Nc3 d6 4. f4 a6 5. Nf3 b5 6. Bd3 Nd7 7. a4 b4 8. Ne2 a5
9. O-O Ngf6 10. e5 Nd5 11. e6 fxe6 12. Ng5 Nf8 13. Qe1 Ba6 14. c4 bxc3 15. Bxa6
Rxa6 16. bxc3 h6 17. Ne4 Nf6 18. N2g3 Qd7 19. Bd2 N8h7 20. Qe2 Ra8 21. Rae1 Kf7
22. h4 Nxe4 23. Nxe4 Nf6 24. Nxf6 Bxf6 25. h5 Rag8 26. hxg6+ Rxg6 27. Qh5 Rhg8
28. d5 Kf8 29. dxe6 Rxg2+ 30. Kh1 Qc6 31. Qf7# 1-0

[Event "Mercredi 2023.11.22 ABCD"]
[Site "Montreal CAN"]
[Date "2023.12.12"]
[Round "5"]
[White "Singher, Jean-Pierre"]
[Black "Lima-Barbosa, Raphael"]
[Result "1-0"]
[WhiteElo "1956"]
[BlackElo "2052"]
[PlyCount "69"]
[EventDate "2023.11.22"]
[EventType "tourn"]
[EventRounds "5"]
[EventCountry "CAN"]

1. d4 Nf6 2. Nc3 d5 3. Bf4 c5 4. e3 cxd4 5. exd4 a6 6. Bd3 Nc6 7. Nce2 Nb4 8.
Nf3 e6 9. Ng3 Nxd3+ 10. Qxd3 Be7 11. O-O O-O 12. Qb3 b5 13. Ne5 Qb6 14. Rfd1
Bb7 15. a4 b4 16. Bg5 Qd6 17. c3 h6 18. Bxf6 gxf6 19. Ng4 Qf4 20. h3 a5 21.
cxb4 axb4 22. Rd3 Qg5 23. Qd1 Ba6 24. Re3 f5 25. f4 Qh4 26. Ne5 Qxf4 27. Rf3
Qh4 28. Nh5 Bg5 29. Rg3 f4 30. Nf6+ Kh8 31. Rg4 Bxf6 32. Rxh4 Bxh4 33. Qh5 Bg3
34. Qxh6+ Kg8 35. Nd7 1-0

[Event "Mercredi 2023.11.22 ABCD"]
[Site "Montreal CAN"]
[Date "2023.12.20"]
[Round "5"]
[White "Templonueva, Mark Geryl"]
[Black "Cote, Etienne"]
[Result "0-1"]
[WhiteElo "1897"]
[BlackElo "1819"]
[PlyCount "50"]
[EventDate "2023.11.22"]
[EventType "tourn"]
[EventRounds "5"]
[EventCountry "CAN"]

1. d4 Nf6 2. c4 g6 3. Nf3 Bg7 4. Nc3 O-O 5. e4 d6 6. Be2 e5 7. Be3 exd4 8. Nxd4
Re8 9. f3 c6 10. Bf2 Nbd7 11. O-O Nh5 12. Qd2 Be5 13. g3 Bg7 14. Nb3 Nb6 15.
Rfd1 Be6 16. Na5 d5 17. cxd5 cxd5 18. Bb5 Re7 19. g4 Nf6 20. Bc5 Rc7 21. b4 Qc8
22. exd5 Nbxd5 23. Nxd5 Nxd5 24. Nc4 Rxc5 25. Nd6 Qc7 0-1

[Event "Montcalm 1 2023-24"]
[Site "Quebec CAN"]
[Date "2023.09.07"]
[Round "1"]
[White "Brown, Zachary"]
[Black "Auger, Bertrand"]
[Result "0-1"]
[WhiteElo "1537"]
[BlackElo "1972"]
[PlyCount "100"]
[EventDate "2023.09.07"]
[EventType "swiss"]
[EventRounds "5"]
[EventCountry "CAN"]

1. e4 e6 2. Nf3 d5 3. exd5 exd5 4. d4 Bd6 5. Bd3 Ne7 6. O-O O-O 7. Re1 Nbc6 8.
c3 Bf5 9. Nh4 Bxd3 10. Qxd3 Qd7 11. Nd2 f5 12. Ndf3 f4 13. Ng5 Nf5 14. Qh3 h6
15. Ngf3 Qf7 16. Nxf5 Qxf5 17. Qxf5 Rxf5 18. h4 Kf7 19. Bd2 g5 20. hxg5 hxg5
21. Nh2 Rh8 22. f3 Ne7 23. Ng4 Ng6 24. Kf2 Kf8 25. Re6 Ne7 26. Nh6 Kg7 27.
Nxf5+ Nxf5 28. Rae1 Kf7 29. Kg1 Rg8 30. Bc1 g4 31. fxg4 Rxg4 32. R6e2 Ng3 33.
Rc2 Ne4 34. Rf1 Kg6 35. c4 c6 36. cxd5 cxd5 37. Rc8 Ng5 38. Kf2 Ne4+ 39. Ke1
Kf5 40. Rg1 f3 41. Rf1 Bb4+ 42. Kd1 f2 43. a3 Bd6 44. Rd8 Rxg2 45. Be3 Ke6 46.
Rh8 Be7 47. Rh3 Bg5 48. Bxg5 Nxg5 49. Ke2 Nxh3 50. Kf3 Rg1 0-1

[Event "Montcalm 1 2023-24"]
[Site "Quebec CAN"]
[Date "2023.09.07"]
[Round "1"]
[White "Desbiens, Raphael"]
[Black "Genest, Dominic"]
[Result "1-0"]
[WhiteElo "2134"]
[BlackElo "1734"]
[PlyCount "53"]
[EventDate "2023.09.07"]
[EventType "swiss"]
[EventRounds "5"]
[EventCountry "CAN"]

1. e4 e6 2. d4 d5 3. Nd2 dxe4 4. Nxe4 Nf6 5. Bd3 Nbd7 6. Qe2 Nxe4 7. Bxe4 Nf6
8. Bxb7 Rb8 9. Bxc8 Qxc8 10. Nf3 c5 11. O-O c4 12. c3 Bd6 13. Nd2 O-O 14. Nxc4
Qa6 15. Re1 Bc7 16. b3 Rfc8 17. Bd2 Nd5 18. g3 Qb7 19. Ne3 Nf6 20. Ng2 Bd6 21.
c4 Bf8 22. Bf4 Ra8 23. Be5 Nd7 24. Qg4 Nxe5 25. Rxe5 g6 26. h4 h5 27. Rxh5 1-0

[Event "Montcalm 1 2023-24"]
[Site "Quebec CAN"]
[Date "2023.09.07"]
[Round "1"]
[White "Diotte, Jean-Raymond"]
[Black "Sarra-Bournet, Marc"]
[Result "1-0"]
[WhiteElo "1353"]
[BlackElo "1918"]
[PlyCount "89"]
[EventDate "2023.09.07"]
[EventType "swiss"]
[EventRounds "5"]
[EventCountry "CAN"]

1. d4 d5 2. c4 e6 3. Nc3 Nf6 4. Nf3 Be7 5. e3 O-O 6. Ne5 Nbd7 7. Bd3 c5 8. O-O
a6 9. a4 Qc7 10. f4 Re8 11. b3 b6 12. h3 Bb7 13. Qc2 Rac8 14. cxd5 exd5 15. Bb2
cxd4 16. exd4 Ne4 17. Rac1 Ndf6 18. Nxe4 Qxc2 19. Nxf6+ gxf6 20. Rxc2 fxe5 21.
fxe5 Rxc2 22. Bxc2 Rc8 23. Bd3 Rc6 24. Rf3 f6 25. Re3 fxe5 26. Rxe5 Rc7 27. Re6
b5 28. axb5 axb5 29. Bxb5 Kf7 30. Re2 Bc8 31. Bd3 Kg7 32. g4 h5 33. Bf5 Ba6 34.
Re6 Bb5 35. gxh5 Bf6 36. h6+ Kf7 37. Rb6 Bd7 38. h7 Bxf5 39. Rxf6+ Kxf6 40.
h8=Q+ Rg7+ 41. Kf2 Be4 42. Qh6+ Rg6 43. Qf8+ Kg5 44. Bc1+ Kh5 45. Qh8+ 1-0

[Event "Montcalm 1 2023-24"]
[Site "Quebec CAN"]
[Date "2023.09.07"]
[Round "1"]
[White "Marquis, Paul"]
[Black "Boissinot, Claude"]
[Result "1/2-1/2"]
[WhiteElo "1962"]
[BlackElo "1512"]
[PlyCount "115"]
[EventDate "2023.09.07"]
[EventType "swiss"]
[EventRounds "5"]
[EventCountry "CAN"]

1. e4 c5 2. Nc3 Nc6 3. g3 Nf6 4. Bg2 e6 5. f4 d6 6. Nf3 a6 7. O-O Qc7 8. d3 b5
9. Qe2 b4 10. Nd1 Bb7 11. Nf2 Rc8 12. c3 Be7 13. g4 O-O 14. g5 Nd7 15. Ng4 f5
16. exf5 exf5 17. Ne3 Rce8 18. Qf2 Bd8 19. Nh4 g6 20. Bd5+ Kg7 21. Qf3 Nb6 22.
Nhg2 a5 23. Qh3 Kh8 24. Bf3 Ne7 25. Bd2 d5 26. Rac1 Qd6 27. cxb4 axb4 28. Rc2
Ba6 29. Be2 d4 30. Nc4 Nxc4 31. dxc4 Bc7 32. Ne1 Qe6 33. Bd3 Nc6 34. Nf3 Qd6
35. Qg3 Re6 36. Re1 Rfe8 37. Rcc1 Rxe1+ 38. Rxe1 Rxe1+ 39. Qxe1 Qe7 40. Qxe7
Nxe7 41. Ne5 Bxe5 42. fxe5 Kg7 43. e6 Nc6 44. Bf4 Na5 45. Be5+ Kg8 46. b3 Bc8
47. e7 Kf7 48. Bf6 Nc6 49. Be2 Nxe7 50. Be5 Ke6 51. Bc7 Kd7 52. Bb6 Kc6 53. Bd8
Ng8 54. Bf3+ Kd7 55. Bb6 Kd6 56. Ba7 Ne7 57. Bb8+ Kd7 58. Bf4 1/2-1/2

[Event "Montcalm 1 2023-24"]
[Site "Quebec CAN"]
[Date "2023.09.07"]
[Round "1"]
[White "Michaud, Jacques"]
[Black "Plante, Rejean"]
[Result "0-1"]
[WhiteElo "1447"]
[BlackElo "1949"]
[PlyCount "84"]
[EventDate "2023.09.07"]
[EventType "swiss"]
[EventRounds "5"]
[EventCountry "CAN"]

1. d4 Nf6 2. Bg5 c5 3. Bxf6 gxf6 4. d5 d6 5. e4 Bg7 6. Nc3 a6 7. Be2 b5 8. Qd2
Qa5 9. Nf3 f5 10. O-O fxe4 11. Ng5 Bf5 12. Nxf7 Rf8 13. Bh5 Bg6 14. Bxg6 hxg6
15. Ng5 Rf5 16. Ne6 Be5 17. Qh6 Kd7 18. Qxg6 Rf6 19. Qg4 Kc8 20. Nxc5+ Kc7 21.
Ne6+ Kb7 22. Nxe4 Rh6 23. h3 Nd7 24. N6c5+ Nxc5 25. Nxc5+ dxc5 26. Qd7+ Qc7 27.
Qf5 Rg8 28. Qe4 Bd6 29. Qf5 Rhg6 30. Qf3 Qd7 31. c4 Rh6 32. cxb5 axb5 33. Rfe1
Rxh3 34. g3 Bxg3 35. d6+ Kb6 36. Kf1 Bxd6 37. Qe4 Rh2 38. Rad1 Qh3+ 39. Ke2
Qg4+ 40. Kf1 Qg1+ 41. Ke2 Rxf2+ 42. Kd3 Rg3+ 0-1

[Event "Montcalm 1 2023-24"]
[Site "Quebec CAN"]
[Date "2023.09.07"]
[Round "1"]
[White "Perreault, Jacquelin"]
[Black "Drolet, Stephane"]
[Result "0-1"]
[WhiteElo "1732"]
[BlackElo "2020"]
[PlyCount "84"]
[EventDate "2023.09.07"]
[EventType "swiss"]
[EventRounds "5"]
[EventCountry "CAN"]

1. e4 c5 2. Nf3 a6 3. c4 Nc6 4. d4 cxd4 5. Nxd4 e6 6. Nc3 Bb4 7. Be2 Nf6 8. f3
d5 9. exd5 exd5 10. O-O Bc5 11. Be3 dxc4 12. Nc2 Qe7 13. Bxc5 Qxc5+ 14. Kh1 O-O
15. Ne4 Nxe4 16. fxe4 Be6 17. Bf3 Rad8 18. Qe2 Nd4 19. Nxd4 Rxd4 20. Rad1 Rfd8
21. Rxd4 Qxd4 22. Rd1 Qxd1+ 23. Qxd1 Rxd1+ 24. Bxd1 Kf8 25. Kg1 Ke7 26. Kf2 Kd6
27. Ke3 Ke5 28. g3 Bd7 29. Bc2 b5 30. a3 f6 31. Bd1 a5 32. Bc2 Bg4 33. b4 cxb3
34. Bxb3 Be6 35. Bd1 Bc4 36. Bc2 g6 37. Bb1 b4 38. axb4 axb4 39. h3 h5 40. h4
g5 41. hxg5 fxg5 42. Bc2 Ba2 0-1